<?xml version="1.0" encoding="UTF-8"?>
<record
    xmlns:xsi="http://www.w3.org/2001/XMLSchema-instance"
    xsi:schemaLocation="http://www.loc.gov/MARC21/slim http://www.loc.gov/standards/marcxml/schema/MARC21slim.xsd"
    xmlns="http://www.loc.gov/MARC21/slim">

  <leader>04902njm a2200625Ia 4500</leader>
  <controlfield tag="001">40477</controlfield>
  <controlfield tag="003">IT-RoPAU</controlfield>
  <controlfield tag="005">20220918181136.0</controlfield>
  <controlfield tag="008">131025s9999    xx            000 0 und d</controlfield>
  <datafield tag="040" ind1=" " ind2=" ">
    <subfield code="a">IT-RoPAU</subfield>
  </datafield>
  <datafield tag="040" ind1=" " ind2=" ">
    <subfield code="c">IT-RoPAU</subfield>
  </datafield>
  <datafield tag="999" ind1=" " ind2=" ">
    <subfield code="c">100941</subfield>
    <subfield code="d">100941</subfield>
  </datafield>
  <datafield tag="999" ind1=" " ind2=" ">
    <subfield code="b">n.d.</subfield>
  </datafield>
  <datafield tag="100" ind1=" " ind2=" ">
    <subfield code="a">AA.VV.</subfield>
    <subfield code="9">794</subfield>
  </datafield>
  <datafield tag="100" ind1=" " ind2=" ">
    <subfield code="e">Autore musica</subfield>
    <subfield code="9">21816</subfield>
  </datafield>
  <datafield tag="100" ind1=" " ind2=" ">
    <subfield code="g">Codice autore musica SPICS: 12000</subfield>
    <subfield code="9">796</subfield>
  </datafield>
  <datafield tag="245" ind1=" " ind2=" ">
    <subfield code="a">Jazz. Gli uomini, gli strumenti, gli stili 71</subfield>
  </datafield>
  <datafield tag="250" ind1=" " ind2=" ">
    <subfield code="a">2a ed.</subfield>
  </datafield>
  <datafield tag="260" ind1=" " ind2=" ">
    <subfield code="a">MILANO</subfield>
  </datafield>
  <datafield tag="260" ind1=" " ind2=" ">
    <subfield code="b">FRATELLI FABBRI EDITORI</subfield>
    <subfield code="c">1987 [1a Ed.:]</subfield>
  </datafield>
  <datafield tag="300" ind1=" " ind2=" ">
    <subfield code="a">MUSICASSETTA</subfield>
  </datafield>
  <datafield tag="300" ind1=" " ind2=" ">
    <subfield code="c">38 minuti (Testo:  pag.)</subfield>
  </datafield>
  <datafield tag="500" ind1=" " ind2=" ">
    <subfield code="a">Musica jazz</subfield>
  </datafield>
  <datafield tag="505" ind1=" " ind2=" ">
    <subfield code="a">It's Right Here For You [(New York, 30.11.1939) (4:00)] - That's A Planty [(New York, 27.11.1943) (5:00)] - Royal Gardner Blues [(New York, 27.11.1943) (3:00)] - Save Your Sorrow For Tomorrow [(New York, 11.12.1943) (3:00)] - Take Me Back To the Land of Jazz [(New York, 30.9.1944) (4:00)] - Pee Wee Blues [(New York, 9.10.1944) (3:00)] - Back in Your Own Backyard [(New York, 11.12.1943) (3:00)] - Sqeeze Me [(New York, 19.1.1945) (3:00)] - Ghost of A Chance [(New York, 19.1.1945) (3:00)] - Down Among the Sheltering Palms [(New York, 6.8.1947) (3:00)] - Rose of Washington Square [(2'40) (3:00)] - D. A. Blues [(3'27) (4:00)]</subfield>
  </datafield>
  <datafield tag="511" ind1=" " ind2=" ">
    <subfield code="a">Kaminski Max: tr; Gowans Brad: tbne; Russell Pee Wee: cl; Bushkin Joe: p; Condon Eddie: chit; Shapiro Artie: cb; Wettling George: batt; Eddie Condon and His Dixielanders</subfield>
  </datafield>
  <datafield tag="511" ind1=" " ind2=" ">
    <subfield code="a">Russell Pee Wee: cl; Condon Eddie: chit; Davison Wild Bill: tr; Brunis George: tbne; Schroeder Gene: p; Casey Bob: cb; Wettling George: batt; Wild Bill Davison and His Commodores</subfield>
  </datafield>
  <datafield tag="511" ind1=" " ind2=" ">
    <subfield code="a">Kaminski Max: tr; Russell Pee Wee: cl; McGarity Lou: tbne; Casey Bob: cb; Condon Eddie: chit; Schroeder Gene: p; Wettling George: batt; Eddie Condon and His Chicagoans</subfield>
  </datafield>
  <datafield tag="511" ind1=" " ind2=" ">
    <subfield code="a">Stacy Jess: p; Weiss Sid: cb; Russell Pee Wee: cl; Wettling George: batt; Pee Wee Russell Quartet</subfield>
  </datafield>
  <datafield tag="511" ind1=" " ind2=" ">
    <subfield code="a">Harry Gibson: p; Russell Pee Wee: cl; Haggart Bob: cb; Krupa Gene: batt; Pee Wee Russell Quartet</subfield>
  </datafield>
  <datafield tag="511" ind1=" " ind2=" ">
    <subfield code="a">Kaminski Max: tr; Russell Pee Wee: cl; McGarity Lou: tbne; Casey Bob: cb; Condon Eddie: chit; Schroeder Gene: p; Wettling George: batt; Max Kaminski and His Band</subfield>
  </datafield>
  <datafield tag="511" ind1=" " ind2=" ">
    <subfield code="a">Russell Pee Wee: cl; Condon Eddie: chit; Davison Wild Bill: tr; McGarity Lou: tbne; Carry Dick: p; Casey Bob: cb; Alvin Danny: batt; Wild Bill Davison and His Commodores</subfield>
  </datafield>
  <datafield tag="511" ind1=" " ind2=" ">
    <subfield code="a">Russell Pee Wee: cl; Condon Eddie: chit; Davison Wild Bill: tr; Rayman Morey: cb; Schroeder Gene: p; Blowers Johnny: batt; Teagarden Jack: tbne; Eddie Condon and His Orchestra</subfield>
  </datafield>
  <datafield tag="650" ind1=" " ind2=" ">
    <subfield code="a">JAZZ [CASSETTE]</subfield>
    <subfield code="e">Codice MATERIA SPICS: 9951</subfield>
    <subfield code="9">1831</subfield>
  </datafield>
  <datafield tag="700" ind1=" " ind2=" ">
    <subfield code="a">Russell Pee Wee</subfield>
    <subfield code="g">Codice interprete SPICS: 18977</subfield>
    <subfield code="e">Interprete</subfield>
    <subfield code="9">21817</subfield>
  </datafield>
  <datafield tag="700" ind1=" " ind2=" ">
    <subfield code="a">Bradford Perry</subfield>
    <subfield code="g">Codice autore musica SPICS: 18984</subfield>
    <subfield code="e">Autore musica</subfield>
    <subfield code="p">It's Right Here For You</subfield>
    <subfield code="9">21818</subfield>
  </datafield>
  <datafield tag="700" ind1=" " ind2=" ">
    <subfield code="a">Pollack Ben</subfield>
    <subfield code="g">Codice autore musica SPICS: 10735</subfield>
    <subfield code="e">Autore musica</subfield>
    <subfield code="p">That's A Planty</subfield>
    <subfield code="9">21819</subfield>
  </datafield>
  <datafield tag="700" ind1=" " ind2=" ">
    <subfield code="a">Gilbert Robert</subfield>
    <subfield code="g">Codice autore SPICS: 14464</subfield>
    <subfield code="e">Autore</subfield>
    <subfield code="p">That's A Planty</subfield>
    <subfield code="9">21820</subfield>
  </datafield>
  <datafield tag="700" ind1=" " ind2=" ">
    <subfield code="a">Williams Cootie</subfield>
    <subfield code="g">Codice autore musica SPICS: 13053</subfield>
    <subfield code="e">Autore musica</subfield>
    <subfield code="p">Royal Gardner Blues</subfield>
    <subfield code="9">21821</subfield>
  </datafield>
  <datafield tag="700" ind1=" " ind2=" ">
    <subfield code="a">Williams Spencer</subfield>
    <subfield code="g">Codice autore SPICS: 10731</subfield>
    <subfield code="e">Autore</subfield>
    <subfield code="p">Royal Gardner Blues</subfield>
    <subfield code="9">21822</subfield>
  </datafield>
  <datafield tag="700" ind1=" " ind2=" ">
    <subfield code="a">Sherman J.</subfield>
    <subfield code="g">Codice autore musica SPICS: 18049</subfield>
    <subfield code="e">Autore musica</subfield>
    <subfield code="p">Save Your Sorrow For Tomorrow</subfield>
    <subfield code="9">21823</subfield>
  </datafield>
  <datafield tag="700" ind1=" " ind2=" ">
    <subfield code="a">De Sylva</subfield>
    <subfield code="g">Codice autore SPICS: 15875</subfield>
    <subfield code="e">Autore</subfield>
    <subfield code="p">Save Your Sorrow For Tomorrow</subfield>
    <subfield code="9">21824</subfield>
  </datafield>
  <datafield tag="700" ind1=" " ind2=" ">
    <subfield code="a">Russell Pee Wee</subfield>
    <subfield code="g">Codice autore musica SPICS: 18977</subfield>
    <subfield code="e">Autore musica</subfield>
    <subfield code="p">Take Me Back To the Land of Jazz - Pee Wee Blues</subfield>
    <subfield code="9">21825</subfield>
  </datafield>
  <datafield tag="700" ind1=" " ind2=" ">
    <subfield code="a">Jolson Al</subfield>
    <subfield code="g">Codice autore musica SPICS: 15734</subfield>
    <subfield code="e">Autore musica</subfield>
    <subfield code="p">Back In Your Own Backyard</subfield>
    <subfield code="9">21826</subfield>
  </datafield>
  <datafield tag="700" ind1=" " ind2=" ">
    <subfield code="a">Rose Vincent</subfield>
    <subfield code="g">Codice autore SPICS: 15733</subfield>
    <subfield code="e">Autore</subfield>
    <subfield code="p">Back In Your Own Backyard</subfield>
    <subfield code="9">21827</subfield>
  </datafield>
  <datafield tag="700" ind1=" " ind2=" ">
    <subfield code="a">Dreyer</subfield>
    <subfield code="g">Codice autore testo/musica SPICS: 18985</subfield>
    <subfield code="e">Autore testo/musica</subfield>
    <subfield code="p">Back In Your Own Backyard</subfield>
    <subfield code="9">21828</subfield>
  </datafield>
  <datafield tag="700" ind1=" " ind2=" ">
    <subfield code="a">Williams</subfield>
    <subfield code="g">dice autore musica SPICS: 20150</subfield>
    <subfield code="e">Autore musica</subfield>
    <subfield code="p">Sqeeze Me</subfield>
    <subfield code="9">21829</subfield>
  </datafield>
  <datafield tag="700" ind1=" " ind2=" ">
    <subfield code="a">Waller Thomas Fats</subfield>
    <subfield code="g">Codice autore SPICS: 15948</subfield>
    <subfield code="e">Autore</subfield>
    <subfield code="p">Sqeeze Me</subfield>
    <subfield code="9">21830</subfield>
  </datafield>
  <datafield tag="700" ind1=" " ind2=" ">
    <subfield code="a">Young Victor</subfield>
    <subfield code="g">Codice autore musica SPICS: 11205</subfield>
    <subfield code="e">Autore musica</subfield>
    <subfield code="p">Ghost of A Chance</subfield>
    <subfield code="9">21831</subfield>
  </datafield>
  <datafield tag="700" ind1=" " ind2=" ">
    <subfield code="a">Crosby Bing</subfield>
    <subfield code="g">Codice autore SPICS: 16409</subfield>
    <subfield code="e">Autore</subfield>
    <subfield code="p">Ghost of A Chance</subfield>
    <subfield code="9">21832</subfield>
  </datafield>
  <datafield tag="700" ind1=" " ind2=" ">
    <subfield code="a">Washington</subfield>
    <subfield code="g">Codice autore testo/musica SPICS: 20489</subfield>
    <subfield code="e">Autore testo/musica</subfield>
    <subfield code="p">Ghost of A Chance</subfield>
    <subfield code="9">21833</subfield>
  </datafield>
  <datafield tag="700" ind1=" " ind2=" ">
    <subfield code="a">Olman</subfield>
    <subfield code="g">Codice autore musica SPICS: 18986</subfield>
    <subfield code="e">Autore musica</subfield>
    <subfield code="p">Down Among the Sheltering Palms</subfield>
    <subfield code="9">21834</subfield>
  </datafield>
  <datafield tag="700" ind1=" " ind2=" ">
    <subfield code="a">Brockman</subfield>
    <subfield code="g">Codice autore SPICS: 18987</subfield>
    <subfield code="e">Autore</subfield>
    <subfield code="p">Down Among the Sheltering Palms</subfield>
    <subfield code="9">21835</subfield>
  </datafield>
  <datafield tag="700" ind1=" " ind2=" ">
    <subfield code="a">Melrose Lester</subfield>
    <subfield code="g">Codice autore musica SPICS: 18857</subfield>
    <subfield code="e">Autore musica</subfield>
    <subfield code="p">Rose of Washington Square</subfield>
    <subfield code="9">21836</subfield>
  </datafield>
  <datafield tag="700" ind1=" " ind2=" ">
    <subfield code="a">Anonimo</subfield>
    <subfield code="g">Codice autore musica SPICS: 2620</subfield>
    <subfield code="e">Autore musica</subfield>
    <subfield code="p">D. A. Blues</subfield>
    <subfield code="9">21837</subfield>
  </datafield>
  <datafield tag="942" ind1=" " ind2=" ">
    <subfield code="c">MC</subfield>
    <subfield code="2">ddc</subfield>
  </datafield>
  <datafield tag="952" ind1=" " ind2=" ">
    <subfield code="0">0</subfield>
    <subfield code="1">0</subfield>
    <subfield code="4">0</subfield>
    <subfield code="6">40477_000000000000000</subfield>
    <subfield code="7">1</subfield>
    <subfield code="a">SPICS</subfield>
    <subfield code="b">SPICS</subfield>
    <subfield code="d">2013-10-25</subfield>
    <subfield code="l">0</subfield>
    <subfield code="o">40477</subfield>
    <subfield code="r">2013-10-25 00:00:00</subfield>
    <subfield code="w">2013-10-25</subfield>
    <subfield code="y">MC</subfield>
    <subfield code="z">Progr. Ins.: 14274 / N.Vol.: 1 / Copie: 1 - Copia rara: n.d. / date import: 01.01.2014 - By Epidotti, Trombetti, Vaglietti</subfield>
  </datafield>
</record>
